000 00637nam a22002537a 4500
003 UA-OsUOA
001 27071
007 ta
008 20040615b un ||||| |||| 00| 0 ukr d
090 _a82-311.3
_bБ68
942 _cBK
040 _aUA-OsUOA
_brus
_cUA-OsUOA
_dUA-OsUOA
245 _aБродвей
_bРомани
_cСост. В.В.Шарпило
300 _a448 с.
955 _a0
041 _arus
080 _a82-311.3
020 _a985-6092-97-8
260 _aМинск
_bРПО "Парадокс"
_c1995
044 _aRU
250 _nПеревод с английского
650 7 _2UDC
999 _c313412
_d313412